000 00399nam a2200157Ia 4500
008 230711s9999||||xx |||||||||||||| ||und||
041 _aENG
082 _a677
_bRA-I
100 _aRamesh Babu V
245 0 _aIndustrial engineering in apparel production
250 _a1st
260 _c2012
_aNew Delhi
_bWoodhead Publishing Pvt Ltd
300 _a183
650 _aTextile Engineering
942 _cBK
999 _c5421
_d5421